000
00425nam a2200133Ia 4500
008
100328s9999 xx 000 0 und d
082
_b
3983
100
_a
वरेरकर भार्गवराम विठ्ठल
245
_a
सव्यसाची भाग-1
260
_b
अभिनव
630
_a
सव्यसाची भाग-1
730
_a
सव्यसाची भाग-1
942
_c
BOOK
999
_c
500087
_d
500084